| 000 | 00665nam a2200229 a 4500 | ||
|---|---|---|---|
| 001 | BRCA_2718 | ||
| 005 | 20190320203934.0 | ||
| 008 | 031208s1960----stka---###---#000-0#eng-u | ||
| 050 | 4 |
_aQK495 _b.K87 1960 |
|
| 100 | 1 |
_aKupper, Walter _97684 |
|
| 245 | 1 | 0 |
_aCacti _cWalter Kupper, Pia Roshardt : tr. and ed. by Vera Higgins. |
| 260 |
_aEdinburgh _bNelson _c1960 |
||
| 300 |
_a127 p. _bil. _c30 cm. |
||
| 500 | _aIncluye lista de ilustraciones. | ||
| 500 | _aAA58 | ||
| 650 | 1 | 4 |
_aCactaceas _97685 |
| 650 | 1 | 4 |
_aBotánica _xObras pictóricas _97686 |
| 700 | 1 |
_aRoshardt, Pia _ecoaut. _97687 |
|
| 700 | 1 |
_aHiggins, Vera _eed. _97688 |
|
| 902 | _aGFM | ||
| 942 |
_2lcc _cB |
||
| 999 |
_c2458 _d2458 |
||